01705 a2200265 45000010006000000050017000060080041000230030015000640400040000790800104001192450060002230200022002832500017003052640048003223000019003705050809003890410008011981000026012067000021012327000027012537000028012806500015013088560099013236500017014224934320260407155757.0260407a2012 arg spa dAR-UNSa-BCEJYS aAR-UNSa-BCEJYSbspacAR-UNSa-BCEJYS a347.736xQuiebra. Insolvencia. Suspensión de pagos. Bancarrota, procedimientos. Derecho Concursal10aLey de concursos y quiebraspActualización Ley 26.684 a978-987-30-0290-8 a4a. ed. act. 1aSanta Fe :bRubinzal-Culzoni Editoresc2012 a507 p.c22 cm. a1. Requisitos del periodo de concurso preventivo - 2. Resolución de apertura - 3. EL nuevo régimen de pronto pago de los créditos laborales - 4. El régimen de interés en los créditos laborales en el concurso preventivo - 5. Plazo y mayoría para la obtención del acuerdo para acreedores quirografarios - 6. El nuevo régimen de salvataje - 7. Suspensión de intereses en la quiebra - 8. La cooperativa de trabajo oferente para contratar sobre bienes de la quiebra - 9. Nuevo régimen de continuación inmediata de la explotación - 10. Hipoteca y prenda en la continuación de la empresa - 11. Nuevos efectos de la quiebra sobre el contrato de trabajo - 12. El nuevo régimen de liquidación y distribución de bienes en la quiebra - 13. Régimen del nuevo comité de control.  aspa1 aRivera, Julio César1 aRoitman, Horacio1 aVítolo, Daniel Roque1 aArgentina [Leyes, etc.] aLEY 26.68441uhttps://www.biblioeco.unsa.edu.ar/pmb/images/libros/L128025.jpgyImagen de portadaqimage/jpeg a ley 26 684